[Event "Lichtenberger Sommer 2016"]
[Site "?"]
[Date "2016.08.14"]
[Round "2.5"]
[White "Püschel, Werner"]
[Black "Ross, Chris N"]
[Result "0-1"]
[WhiteElo "2028"]
[BlackElo "2199"]
[PlyCount "62"]
[EventDate "2016.??.??"]
[WhiteTeam "Lasker Steglitz-Wilmersdorf"]
[BlackTeam "Schachgemeinschaft Niederkasse"]

1. a3 g6 2. g3 Bg7 3. Bg2 d6 4. c4 e5 5. Nc3 Ne7 6. d3 O-O 7. h4 h6 8. Bd2 Nbc6
9. e3 Be6 10. Qc2 d5 11. b3 Qd7 12. Nge2 Rad8 13. Rd1 b6 14. O-O d4 15. exd4
exd4 16. Na4 Bh3 17. Bxh3 Qxh3 18. Nf4 Qg4 19. Bb4 Rfe8 20. Bxe7 Rxe7 21. Kg2
Rde8 22. f3 Qf5 23. Rf2 Re3 24. Nd5 Ne5 25. Nxe3 dxe3 26. Rff1 Nc6 27. Rde1 Nd4
28. Qb1 e2 29. Rf2 Re3 30. g4 Qf4 31. Qc1 Be5 0-1

[Event "Lichtenberger Sommer 2016"]
[Site "?"]
[Date "2016.08.14"]
[Round "2.6"]
[White "Sabrowski, Uwe"]
[Black "Figura, Atila Gajo"]
[Result "0-1"]
[WhiteElo "2104"]
[BlackElo "2374"]
[PlyCount "58"]
[EventDate "2016.??.??"]
[WhiteTeam "SC Friesen Lichtenberg"]
[BlackTeam "SC Kreuzberg"]

1. d4 Nf6 2. c4 g6 3. Nc3 d5 4. cxd5 Nxd5 5. e4 Nxc3 6. bxc3 Bg7 7. Nf3 c5 8.
Rb1 O-O 9. Be2 Nc6 10. d5 Ne5 11. Bd2 f5 12. Nxe5 Bxe5 13. Bf3 Qd6 14. h3 b6
15. O-O fxe4 16. Bxe4 Ba6 17. Re1 Bh2+ 18. Kh1 Rxf2 19. Bf3 Rf8 20. Be3 R8xf3
21. Bxf2 Rxf2 22. Qg4 Rf6 23. Rbd1 Bf4 24. Re6 Rxe6 25. dxe6 Qe5 26. Qf3 Qf6
27. Rd7 Bc4 28. Qa8+ Kg7 29. Qe8 Bg5 0-1

[Event "Lichtenberger Sommer 2016"]
[Site "?"]
[Date "2016.08.14"]
[Round "2.7"]
[White "Guenther, Thomas"]
[Black "Melamed, Tatjana"]
[Result "1/2-1/2"]
[WhiteElo "2044"]
[BlackElo "2318"]
[PlyCount "127"]
[EventDate "2016.??.??"]
[WhiteTeam "SV Senat (FV Schach)"]
[BlackTeam "AE Magdeburg"]

1. d4 Nf6 2. Nf3 g6 3. c4 Bg7 4. Nc3 O-O 5. e4 d6 6. Be2 Na6 7. O-O e5 8. Re1
exd4 9. Nxd4 Nc5 10. Bf1 Re8 11. f3 c6 12. Be3 a5 13. Qd2 Nh5 14. Rad1 Be5 15.
g3 Bd7 16. Qf2 Qc7 17. Be2 Bg7 18. g4 Nf6 19. Nc2 b6 20. Bf4 Re5 21. Bxe5 dxe5
22. Qg3 Ne6 23. Bf1 Bf8 24. Kh1 h5 25. g5 Nh7 26. h4 Bc5 27. Bh3 Nhf8 28. Na4
Be7 29. Nc3 Bc5 30. a3 a4 31. Rd2 Be8 32. Red1 Nf4 33. Bf1 N8e6 34. Ne2 Kg7 35.
Nxf4 Nxf4 36. Qe1 Qe7 37. Nb4 Bd4 38. Qg3 Ne6 39. Bh3 Rd8 40. Nd3 Nc5 41. Nxc5
Qxc5 42. Bf1 Qd6 43. f4 c5 44. fxe5 Qe6 45. Rxd4 cxd4 46. Qf4 Bc6 47. Qf6+ Kh7
48. Qf4 Kg8 49. Kh2 Bb7 50. Rd2 Bc8 51. Qf6 Qe8 52. Bh3 Bxh3 53. Kxh3 Qd7+ 54.
Kh2 Re8 55. e6 Qc7+ 56. Kg2 Rxe6 57. Qxd4 Qf4 58. e5 Qf5 59. Re2 Kg7 60. Kg3
Qb1 61. Kg2 Qf5 62. Kg3 Qb1 63. Kg2 Qf5 64. Kg3 1/2-1/2

[Event "Lichtenberger Sommer 2016"]
[Site "?"]
[Date "2016.08.14"]
[Round "2.8"]
[White "Von Herman, Ulf"]
[Black "Mai, Andreas"]
[Result "1-0"]
[WhiteElo "2340"]
[BlackElo "2014"]
[PlyCount "109"]
[EventDate "2016.??.??"]
[WhiteTeam "SK König Tegel"]
[BlackTeam "SC Friesen Lichtenberg"]

1. d4 g6 2. c4 Bg7 3. Nc3 d6 4. e4 Nd7 5. Be2 e5 6. d5 Ne7 7. g4 Nf6 8. g5 Nd7
9. h4 f5 10. gxf6 Nxf6 11. h5 gxh5 12. Bxh5+ Nxh5 13. Qxh5+ Ng6 14. Nf3 Qf6 15.
Nb5 Qe7 16. Ng5 a6 17. Nxh7 axb5 18. Qxg6+ Qf7 19. Qxf7+ Kxf7 20. Ng5+ Ke7 21.
Rxh8 Bxh8 22. cxb5 Bd7 23. Ne6 Bxe6 24. dxe6 Bf6 25. a4 Kxe6 26. Be3 d5 27.
exd5+ Kxd5 28. b3 Be7 29. Kd2 Bb4+ 30. Kc2 b6 31. Rh1 Rf8 32. Rh5 Rf3 33. Kd3
Bd6 34. Rh4 Rf8 35. Kc3 Ra8 36. Rh5 Rg8 37. Rh1 Rg4 38. Rd1+ Ke6 39. Rb1 Rh4
40. b4 Kd5 41. a5 Rc4+ 42. Kd3 e4+ 43. Ke2 Rc2+ 44. Kf1 Ra2 45. Rd1+ Ke5 46. a6
c5 47. bxc5 bxc5 48. b6 Rxa6 49. b7 Rb6 50. Rxd6 Rxb7 51. Rc6 Rb3 52. Rxc5+ Kd6
53. Ra5 Ke6 54. Kg2 Rb7 55. Kg3 1-0

[Event "Lichtenberger Sommer 2016"]
[Site "?"]
[Date "2016.08.14"]
[Round "2.9"]
[White "Wörz, Markus"]
[Black "Lerch, Philipp"]
[Result "0-1"]
[WhiteElo "2055"]
[BlackElo "2315"]
[PlyCount "82"]
[EventDate "2016.??.??"]
[WhiteTeam "SC Kreuzberg"]
[BlackTeam "SC Kreuzberg"]

1. e4 e5 2. Nf3 Nc6 3. Bc4 Nf6 4. d3 Be7 5. c3 d6 6. Bb3 O-O 7. Nbd2 Na5 8. Bc2
c5 9. O-O Re8 10. Re1 Bf8 11. Nf1 g6 12. Ne3 Bg7 13. h3 h6 14. Nh2 Be6 15. Nhg4
Kh7 16. Nxf6+ Bxf6 17. Ng4 Bg7 18. Ne3 Nc6 19. Bb3 Qd7 20. Qf3 Bxb3 21. axb3
Rf8 22. Nd5 f5 23. Qe2 f4 24. f3 Ne7 25. Bd2 g5 26. c4 h5 27. b4 Ng6 28. Rf1
cxb4 29. Bxb4 b6 30. Ra6 Rab8 31. Rfa1 Rb7 32. Qd1 g4 33. fxg4 f3 34. gxf3 Nh4
35. f4 exf4 36. Be1 Ng6 37. Qa4 Qe6 38. Rxa7 Rxa7 39. Qxa7 hxg4 40. Qxb6 g3 41.
Ra7 Qxh3 0-1

[Event "Lichtenberger Sommer 2016"]
[Site "?"]
[Date "2016.08.14"]
[Round "2.10"]
[White "Förster, Jonas"]
[Black "Kornrumpf, Joachim"]
[Result "1-0"]
[WhiteElo "2289"]
[BlackElo "2076"]
[PlyCount "121"]
[EventDate "2016.??.??"]
[WhiteTeam "SV Empor Berlin"]
[BlackTeam "Preetzer TSV"]

1. d4 Nf6 2. c4 e6 3. Nf3 b6 4. g3 Bb7 5. Bg2 Be7 6. O-O d5 7. Ne5 O-O 8. Qc2
Nbd7 9. cxd5 Nxe5 10. dxe5 Nxd5 11. a3 c5 12. b3 Qc8 13. Nd2 Nc7 14. Ne4 Nb5
15. e3 Rd8 16. Bb2 a6 17. Rfd1 Qc7 18. Rac1 Rxd1+ 19. Rxd1 Rd8 20. Rxd8+ Bxd8
21. a4 Na7 22. a5 Be7 23. b4 c4 24. axb6 Qxb6 25. Bd4 Qc7 26. Bxa7 Bxe4 27.
Bxe4 Qxa7 28. Bxh7+ Kh8 29. Be4 Qc7 30. Qc3 g6 31. Bd3 Bxb4 32. Qxc4 Qxc4 33.
Bxc4 a5 34. Bb3 Kg7 35. Kg2 Bc3 36. f4 Bd2 37. Kf3 Be1 38. Bc2 Kf8 39. Ke2 Bb4
40. h4 Kg7 41. Kf2 Be7 42. Ba4 Bd8 43. Kf3 Be7 44. Bd7 Bd8 45. e4 Kf8 46. Kg4
Ke7 47. Ba4 Kf8 48. Bb3 Bc7 49. h5 gxh5+ 50. Kxh5 Bb6 51. Kg4 Bd4 52. Kf3 Ke7
53. g4 Bb2 54. g5 Bd4 55. Kg4 Bc3 56. Kh5 Bd4 57. Kh6 Bc3 58. Kg7 Bd4 59. f5
exf5 60. exf5 Bxe5+ 61. f6+ 1-0

[Event "Lichtenberger Sommer 2016"]
[Site "?"]
[Date "2016.08.14"]
[Round "2.11"]
[White "Rosmann, Ilja"]
[Black "Albert, Jörg"]
[Result "1/2-1/2"]
[WhiteElo "2289"]
[BlackElo "2149"]
[PlyCount "50"]
[EventDate "2016.??.??"]
[WhiteTeam "Königsspr. SC"]
[BlackTeam "SV Eiche Reichenbrand"]

1. e4 d5 2. exd5 Qxd5 3. Nc3 Qd8 4. d4 Nf6 5. Bg5 Bg4 6. Qd2 e6 7. h3 Bh5 8. g4
Bg6 9. Bg2 c6 10. Nge2 h6 11. Be3 Bb4 12. a3 Ne4 13. Qc1 Ba5 14. O-O Nxc3 15.
bxc3 Nd7 16. Rb1 Nb6 17. Nf4 Qf6 18. c4 Nxc4 19. Rxb7 O-O 20. Nxg6 Qxg6 21. Bf4
Bb6 22. Rd7 Rad8 23. Rxd8 Rxd8 24. c3 c5 25. dxc5 Bxc5 1/2-1/2

[Event "Lichtenberger Sommer 2016"]
[Site "?"]
[Date "2016.08.14"]
[Round "2.12"]
[White "Kapr, Klaus"]
[Black "Kapp, Martin"]
[Result "1-0"]
[WhiteElo "1990"]
[BlackElo "2305"]
[PlyCount "53"]
[EventDate "2016.??.??"]
[WhiteTeam "SC Friesen Lichtenberg"]
[BlackTeam "ESV Lok Raw Cottbus"]

1. e4 e6 2. d4 d5 3. Nc3 Bb4 4. e5 c5 5. Bd2 cxd4 6. Nb5 Bc5 7. Qg4 Ne7 8. b4
a6 9. bxc5 axb5 10. Qxg7 Rg8 11. Qxh7 Qc7 12. Nf3 Qxc5 13. Bd3 Nd7 14. O-O Nf8
15. Qh5 Bd7 16. Rab1 Ra4 17. a3 Nfg6 18. Rfe1 Rc4 19. Ng5 Rxc2 20. Bb4 Qc8 21.
Qh7 Nxe5 22. Bxc2 Rxg5 23. Rxe5 Rg8 24. Bd3 Bc6 25. Rbe1 Qd8 26. Rxe6 fxe6 27.
Rxe6 1-0

[Event "Lichtenberger Sommer 2016"]
[Site "?"]
[Date "2016.08.14"]
[Round "2.13"]
[White "Hansch, Karsten"]
[Black "Schäfer, Heiko"]
[Result "1-0"]
[WhiteElo "2265"]
[BlackElo "2078"]
[PlyCount "87"]
[EventDate "2016.??.??"]
[WhiteTeam "SC Empor Potsdam"]
[BlackTeam "Potsdamer SV"]

1. c4 c6 2. g3 d5 3. Nf3 dxc4 4. Bg2 Nd7 5. O-O e5 6. Qc2 Ngf6 7. Qxc4 Bd6 8.
d3 O-O 9. Qc2 Re8 10. Nbd2 Nb6 11. b3 Bf5 12. Bb2 Qd7 13. Rfd1 Qe7 14. e4 Bg6
15. Nh4 Rad8 16. Nxg6 hxg6 17. Nf3 Nbd7 18. h3 Ba3 19. Bc3 Bb4 20. Bxb4 Qxb4
21. a3 Qb6 22. Qc3 Nc5 23. b4 Ne6 24. Qxe5 Nd4 25. Qc5 Qxc5 26. bxc5 Nb3 27.
Rab1 Nxc5 28. d4 Ncxe4 29. Rxb7 a5 30. Rc1 Nd6 31. Ra7 Nb5 32. Rxa5 Nxd4 33.
Nxd4 Rxd4 34. Bxc6 Re2 35. Bf3 Ra2 36. Ra8+ Kh7 37. h4 Ne4 38. Rcc8 g5 39.
Bxe4+ Rxe4 40. h5 g6 41. Rh8+ Kg7 42. h6+ Kf6 43. Rhe8 Rxa3 44. h7 1-0

[Event "Lichtenberger Sommer 2016"]
[Site "?"]
[Date "2016.08.14"]
[Round "2.14"]
[White "Schneider, Christian"]
[Black "Schnabel, Bennett"]
[Result "1-0"]
[WhiteElo "2220"]
[BlackElo "2044"]
[PlyCount "116"]
[EventDate "2016.??.??"]
[WhiteTeam "SG Stadtilm"]
[BlackTeam "SV Mattnetz Berlin"]

1. c4 e6 2. g3 d5 3. Bg2 c6 4. Nf3 Bd6 5. O-O Nf6 6. b3 O-O 7. Bb2 Nbd7 8. Qc2
Re8 9. Nc3 b6 10. e4 Bb7 11. d4 Nxe4 12. Nxe4 dxe4 13. Qxe4 Nf6 14. Qe2 c5 15.
Rfd1 Qe7 16. dxc5 Bxc5 17. Ne5 Bxg2 18. Kxg2 Qb7+ 19. Qf3 Qxf3+ 20. Kxf3 Red8
21. g4 Rac8 22. g5 Ne8 23. h4 f6 24. gxf6 gxf6 25. Nd3 Bd4 26. Bxd4 Rxd4 27.
Nf4 Rcd8 28. Rxd4 Rxd4 29. Nxe6 Rxh4 30. Rg1+ Kf7 31. Nd8+ Kf8 32. Nc6 a5 33.
c5 bxc5 34. Nxa5 Nd6 35. Rc1 Rh5 36. Nc4 Nb5 37. Nb6 Nd4+ 38. Ke4 Re5+ 39. Kd3
Ke7 40. Rh1 h5 41. f4 Re2 42. Nd5+ Ke6 43. Nc3 Rf2 44. Rxh5 Rf3+ 45. Kc4 Nf5
46. Nd5 Nd6+ 47. Kxc5 Ne4+ 48. Kc6 Rf2 49. a4 Rc2+ 50. Kb6 Kd6 51. Nb4 Rb2 52.
Rd5+ Ke6 53. f5+ Ke7 54. Rd3 Nd2 55. Nc6+ Kf7 56. Nd4 Nc4+ 57. Kc5 Ne5 58. Rh3
Rc2+ 1-0

[Event "Lichtenberger Sommer 2016"]
[Site "?"]
[Date "2016.08.14"]
[Round "2.15"]
[White "Giemsa, Stephan"]
[Black "Badestein, Hartmut"]
[Result "1/2-1/2"]
[WhiteElo "2261"]
[BlackElo "2060"]
[PlyCount "108"]
[EventDate "2016.??.??"]
[WhiteTeam "SK König Tegel"]
[BlackTeam "SC Friesen Lichtenberg"]

1. d4 Nf6 2. c4 e6 3. g3 d5 4. Nf3 Be7 5. Bg2 O-O 6. O-O Nbd7 7. Qc2 c6 8. Nbd2
b6 9. e4 Bb7 10. e5 Ne8 11. cxd5 cxd5 12. Re1 Rc8 13. Qa4 Qc7 14. Nf1 a6 15.
Ne3 b5 16. Qd1 Nb6 17. b3 a5 18. Bf1 Qd7 19. h4 Bc6 20. Bd3 f5 21. exf6 Nxf6
22. Ne5 Qe8 23. Ng2 Bd6 24. Nf4 Bxe5 25. Rxe5 Ne4 26. Rxe6 Qd7 27. Re5 Qf7 28.
Be3 Nd7 29. Re6 Ndf6 30. Rc1 Bd7 31. Rxc8 Rxc8 32. Ra6 h6 33. Rxa5 g5 34. Ng2
Bg4 35. f3 Qc7 36. Ra6 Qxg3 37. Rxf6 Nxf6 38. Bf2 Bxf3 39. Bxg3 Bxd1 40. hxg5
hxg5 41. Bxb5 Rc1 42. Kh2 Ne4 43. Ne3 Bf3 44. Bf1 Ra1 45. a4 Ra2+ 46. Kh3 Nxg3
47. Kxg3 g4 48. Nxg4 Bxg4 49. Kxg4 Kf7 50. a5 Rxa5 51. Kf5 Ra1 52. Bg2 Ke7 53.
Bxd5 Kd6 54. Bc4 Re1 1/2-1/2

[Event "Lichtenberger Sommer 2016"]
[Site "?"]
[Date "2016.08.14"]
[Round "2.16"]
[White "Schiffer, Stefan"]
[Black "Goldenstein, Arnd"]
[Result "1-0"]
[WhiteElo "2237"]
[BlackElo "2016"]
[PlyCount "73"]
[EventDate "2016.??.??"]
[WhiteTeam "Brühler SK"]
[BlackTeam "Klub Kölner SF"]

1. e4 e5 2. Nf3 Nc6 3. Bb5 a6 4. Ba4 Nf6 5. d3 Bc5 6. O-O b5 7. Bb3 O-O 8. c3
Ba7 9. Bg5 d6 10. Nbd2 Na5 11. Bc2 Re8 12. h3 h6 13. Bh4 Nc6 14. Re1 a5 15. Nf1
g5 16. Nxg5 hxg5 17. Bxg5 Bxf2+ 18. Kxf2 Nxe4+ 19. Rxe4 Qxg5 20. Re3 Kf8 21.
Rg3 Qf6+ 22. Kg1 Ne7 23. Ne3 Bb7 24. Qh5 Ng6 25. Qh6+ Ke7 26. d4 Rh8 27. dxe5
dxe5 28. Qg5 Qxg5 29. Rxg5 Rag8 30. Rd1 Nh4 31. Rxe5+ Kf6 32. Rxb5 Nxg2 33.
Ng4+ Rxg4 34. hxg4 Ba8 35. Kf2 Re8 36. Rf5+ Kg7 37. Rd7 1-0

[Event "Lichtenberger Sommer 2016"]
[Site "?"]
[Date "2016.08.14"]
[Round "2.17"]
[White "Wierzbicki, Jirawat"]
[Black "Rehberg, Raphael"]
[Result "1-0"]
[WhiteElo "2051"]
[BlackElo "2248"]
[PlyCount "89"]
[EventDate "2016.??.??"]
[WhiteTeam "SK König Tegel"]
[BlackTeam "SG Lok Brandenburg"]

1. e4 c5 2. c3 Nf6 3. e5 Nd5 4. d4 e6 5. Bc4 d6 6. Nf3 Nb6 7. Bb3 cxd4 8. cxd4
Nc6 9. Qe2 dxe5 10. dxe5 Nd4 11. Nxd4 Qxd4 12. O-O Nd7 13. Re1 Be7 14. Nd2 Nc5
15. Bc2 b6 16. Nf3 Qd8 17. b4 Ba6 18. Qe3 Nd7 19. a3 Qc7 20. Bb1 Bc4 21. Bb2 b5
22. Nd4 O-O 23. Be4 Rae8 24. f4 f5 25. Bd3 Qb6 26. Rac1 Rc8 27. Qe2 Bxd3 28.
Qxd3 a6 29. Kh1 Bh4 30. Red1 Rxc1 31. Rxc1 Rd8 32. Qb3 Nf8 33. Rc6 Qb7 34. Rc1
Kh8 35. h3 Qd5 36. Qxd5 Rxd5 37. Rc6 Kg8 38. Rxa6 Bg3 39. Rd6 Bxf4 40. Rxd5
exd5 41. Nxf5 Kf7 42. g3 Kg6 43. Nh4+ Kh5 44. gxf4 Kxh4 45. f5 1-0

[Event "Lichtenberger Sommer 2016"]
[Site "?"]
[Date "2016.08.14"]
[Round "2.18"]
[White "Niehaus, Frank"]
[Black "Kötz, Andreas"]
[Result "1/2-1/2"]
[WhiteElo "2255"]
[BlackElo "2027"]
[PlyCount "94"]
[EventDate "2016.??.??"]
[WhiteTeam "SK König Tegel"]
[BlackTeam "SC Zitadelle Spandau"]

1. d4 Nf6 2. Bg5 e6 3. e3 d5 4. Nd2 Be7 5. Bd3 h6 6. Bxf6 Bxf6 7. Ngf3 Nd7 8.
Qe2 c5 9. c3 O-O 10. O-O-O b5 11. Kb1 Rb8 12. Ka1 b4 13. c4 a5 14. h4 cxd4 15.
exd4 dxc4 16. Nxc4 Bb7 17. g4 g5 18. hxg5 Bxg5 19. Rh5 Bxf3 20. Qxf3 Kg7 21.
Ne5 Nf6 22. Rhh1 Rc8 23. Qe2 Qxd4 24. Ba6 Qe4 25. Qxe4 Nxe4 26. Bxc8 Rxc8 27.
Rhe1 Nf6 28. f3 Nd5 29. Kb1 a4 30. Nd3 a3 31. f4 Bf6 32. Rc1 Ra8 33. Rc4 axb2
34. Nxb4 Ra4 35. Nxd5 Rxc4 36. Nxf6 Kxf6 37. Kxb2 Rxf4 38. Kb3 Rxg4 39. a4 h5
40. a5 h4 41. a6 h3 42. Ra1 Rg8 43. Kb4 Kf5 44. Kb5 Rb8+ 45. Kc6 Kg4 46. Ra4+
Kg3 47. Ra3+ Kg2 1/2-1/2

[Event "Lichtenberger Sommer 2016"]
[Site "?"]
[Date "2016.08.14"]
[Round "2.19"]
[White "Shapiro, Yosip"]
[Black "Schnabel, Ralf"]
[Result "1/2-1/2"]
[WhiteElo "2090"]
[BlackElo "2235"]
[PlyCount "139"]
[EventDate "2016.??.??"]
[WhiteTeam "SV Berolina Mitte"]
[BlackTeam "ESV Nickelhütte Aue"]

1. c4 f5 2. Nc3 Nf6 3. d4 d6 4. Nf3 g6 5. Bf4 Bg7 6. e3 O-O 7. Bd3 Qe8 8. O-O
Nh5 9. d5 Na6 10. Rc1 c5 11. Bb1 Nc7 12. h3 b5 13. b3 Rb8 14. Bh2 bxc4 15. bxc4
Rb4 16. Bd3 Bd7 17. Re1 Rb2 18. e4 f4 19. e5 Qb8 20. Rc2 Na6 21. Qc1 Rxc2 22.
Qxc2 Nb4 23. Qd2 Nxd3 24. Qxd3 Bf5 25. Qe2 a6 26. Ne4 Rd8 27. Neg5 h6 28. Ne6
Bxe6 29. dxe6 Bxe5 30. Qd3 Kh7 31. Nh4 Rg8 32. Kh1 Qc8 33. Qd5 Qa8 34. Qd1 Qe8
35. Rf1 Rf8 36. Nf3 Bg7 37. Re1 Rf6 38. Qd5 Qb8 39. g4 fxg3 40. fxg3 Qb4 41.
Re2 Qb1+ 42. Kg2 Rf5 43. Qd2 Bd4 44. g4 Rxf3 45. Kxf3 Qf1+ 46. Ke4 Nf6+ 47. Kd3
Qxh3+ 48. Kc2 Qxg4 49. Qd3 Qf5 50. Qxf5 gxf5 51. Bf4 Kg6 52. Rg2+ Ng4 53. Rg3
Kf6 54. Ra3 Kxe6 55. Rxa6 h5 56. Ra3 Ne5 57. Bxe5 Kxe5 58. Rh3 d5 59. Kd3 dxc4+
60. Kxc4 Kd6 61. Rxh5 f4 62. Rf5 e5 63. a4 Kc6 64. Rf6+ Kb7 65. Kd5 Ka7 66. Rf8
Ka6 67. Kc4 Kb6 68. Rb8+ Kc6 69. Rf8 Kb6 70. Rb8+ 1/2-1/2

[Event "Lichtenberger Sommer 2016"]
[Site "?"]
[Date "2016.08.14"]
[Round "2.20"]
[White "Kutschke, Jens"]
[Black "Dimitrijeski, Kristian"]
[Result "1-0"]
[WhiteElo "2002"]
[BlackElo "2212"]
[PlyCount "115"]
[EventDate "2016.??.??"]
[WhiteTeam "SF 1903 Berlin"]
[BlackTeam "SK König Tegel"]

1. e4 e5 2. Nf3 Nc6 3. Bc4 Bc5 4. O-O d6 5. d3 Nf6 6. c3 a6 7. a4 O-O 8. Na3 h6
9. Nc2 Ba7 10. Re1 Be6 11. Be3 Bxe3 12. Nxe3 Bxc4 13. Nxc4 Re8 14. Qb3 Rb8 15.
Ne3 Ne7 16. Nd5 Nexd5 17. exd5 Qd7 18. d4 e4 19. Nd2 Qf5 20. c4 c6 21. Qg3 cxd5
22. Qxd6 Rbd8 23. Qb6 Ng4 24. Re2 Qh5 25. h3 Nf6 26. Rae1 Rd7 27. c5 Re6 28.
Qb3 Qf5 29. Nf1 Qf4 30. Qg3 Nh5 31. Qe3 Qxe3 32. fxe3 f5 33. Rf2 Rf7 34. Kh2 g5
35. g3 Kh7 36. g4 Ng7 37. gxf5 Rxf5 38. Ree2 Kg6 39. Ng3 Rff6 40. b4 h5 41. Kg2
g4 42. hxg4 hxg4 43. Rxf6+ Rxf6 44. b5 axb5 45. axb5 Ne8 46. Rb2 Nc7 47. Ne2 b6
48. Nf4+ Kg5 49. Kg3 Ne6 50. Rf2 Ng7 51. Nxd5 Nf5+ 52. Kg2 Rh6 53. c6 g3 54.
Rxf5+ Kxf5 55. c7 Rh2+ 56. Kxg3 Rc2 57. c8=Q+ Rxc8 58. Ne7+ 1-0

[Event "Lichtenberger Sommer 2016"]
[Site "?"]
[Date "2016.08.14"]
[Round "2.21"]
[White "Frohberg, Marco"]
[Black "Silz, Elisa"]
[Result "1-0"]
[WhiteElo "2197"]
[BlackElo "1973"]
[PlyCount "79"]
[EventDate "2016.??.??"]
[WhiteTeam "Lübecker SV"]
[BlackTeam "SV Empor Berlin"]

1. c4 g6 2. Nc3 Bg7 3. g3 Nf6 4. Bg2 c6 5. d4 d6 6. Nf3 O-O 7. O-O Nbd7 8. Qc2
e5 9. Rd1 Qc7 10. b3 Re8 11. e4 a6 12. a4 d5 13. exd5 cxd5 14. dxe5 Nxe5 15.
Bf4 Nxf3+ 16. Bxf3 Qa5 17. cxd5 Bg4 18. Qd3 Rad8 19. Rac1 Rd7 20. Bg5 Bh3 21.
Qd2 Ng4 22. Ne4 Qxd2 23. Rxd2 Ne5 24. Bg2 Bxg2 25. Kxg2 h6 26. Nf6+ Bxf6 27.
Bxf6 Rd6 28. Re1 Rxf6 29. f4 Rf5 30. d6 f6 31. d7 Rd8 32. fxe5 Rxe5 33. Rxe5
fxe5 34. Rd6 Kf7 35. Kf3 h5 36. Ke4 g5 37. Kxe5 h4 38. g4 Ke7 39. Rh6 Kxd7 40.
Rd6+ 1-0

[Event "Lichtenberger Sommer 2016"]
[Site "?"]
[Date "2016.08.14"]
[Round "2.22"]
[White "Pluska, Alexander"]
[Black "Deutschbein, Christopher"]
[Result "0-1"]
[WhiteElo "2116"]
[BlackElo "2006"]
[PlyCount "84"]
[EventDate "2016.??.??"]
[WhiteTeam "SK Doppelbauer Kiel"]
[BlackTeam "Eckernförder SC"]

1. Nf3 Nf6 2. d4 d5 3. c4 e6 4. Nc3 Be7 5. Bg5 O-O 6. e3 h6 7. Bxf6 Bxf6 8.
cxd5 exd5 9. Bd3 c6 10. h3 Nd7 11. O-O Be7 12. Qc2 Bd6 13. Rab1 a5 14. a3 Re8
15. Rfc1 Nf6 16. Nd2 g5 17. Re1 g4 18. hxg4 Bxg4 19. Bf5 Kh8 20. f3 Bxf5 21.
Qxf5 Rg8 22. f4 Rg6 23. Nf3 Qd7 24. Qxd7 Nxd7 25. Ne5 Nxe5 26. fxe5 Be7 27. Ne2
Bg5 28. Nf4 Bxf4 29. exf4 Rg4 30. Rf1 Rag8 31. Rf2 Rg3 32. b4 a4 33. b5 Rxa3
34. bxc6 bxc6 35. Rb7 Ra1+ 36. Kh2 Ra8 37. e6 fxe6 38. Re2 a3 39. Rxe6 a2 40.
Ree7 Rh1+ 41. Kg3 Rg8+ 42. Kf2 Rf1+ 0-1

[Event "Lichtenberger Sommer 2016"]
[Site "?"]
[Date "2016.08.14"]
[Round "2.23"]
[White "Richter, Götz"]
[Black "George, Tom"]
[Result "0-1"]
[WhiteElo "2009"]
[BlackElo "2044"]
[PlyCount "44"]
[EventDate "2016.??.??"]
[WhiteTeam "Klub Kölner SF"]
[BlackTeam "SG Stadtilm"]

1. e4 e5 2. Nf3 Nc6 3. d4 exd4 4. Nxd4 Nf6 5. Nxc6 bxc6 6. Bd3 d5 7. e5 Ng4 8.
Bf4 g5 9. Bg3 Bg7 10. O-O h5 11. Be2 Rb8 12. Qd4 Qe7 13. Nd2 Nxe5 14. Qxa7 Rxb2
15. Nf3 f6 16. Nd4 h4 17. Bxe5 fxe5 18. Nxc6 Qd6 19. Na5 e4 20. Rab1 h3 21. g3
Rxa2 22. Rb8 O-O 0-1

[Event "Lichtenberger Sommer 2016"]
[Site "?"]
[Date "2016.08.14"]
[Round "2.24"]
[White "Hermannsdörfer, Frank"]
[Black "Friedrich, Gerhard"]
[Result "1-0"]
[WhiteElo "2188"]
[BlackElo "1930"]
[PlyCount "69"]
[EventDate "2016.??.??"]
[WhiteTeam "SV Liebschwitz"]
[BlackTeam "SG Schwäbisch Gmünd"]

1. b3 d5 2. Bb2 c5 3. e3 Nc6 4. Bb5 Bd7 5. Nf3 e6 6. O-O Nf6 7. Bxc6 Bxc6 8.
Ne5 Bb5 9. c4 dxc4 10. bxc4 Bd7 11. f4 Qb6 12. Qc2 Bc6 13. Nc3 Be7 14. d3 Qc7
15. e4 Nd7 16. Ne2 f6 17. Nf3 Bd6 18. Qd2 O-O 19. Bc3 Ba4 20. Rf2 Rad8 21. g4
Rf7 22. g5 Be7 23. h4 Bc6 24. Qe3 b6 25. Rg2 f5 26. h5 e5 27. g6 hxg6 28. hxg6
Rf6 29. Nxe5 Nf8 30. Qh3 Rdd6 31. Nxc6 Rxg6 32. Ne5 Rxg2+ 33. Kxg2 Rh6 34. Qxf5
Bf6 35. Rh1 1-0

[Event "Lichtenberger Sommer 2016"]
[Site "?"]
[Date "2016.08.14"]
[Round "2.25"]
[White "Kohler, Thomas"]
[Black "Willich, Manfred"]
[Result "0-1"]
[WhiteElo "2184"]
[BlackElo "1969"]
[PlyCount "58"]
[EventDate "2016.??.??"]
[WhiteTeam "SC Zitadelle Spandau"]
[BlackTeam "SK Turm Bad Hersfeld"]

1. g3 d5 2. Nf3 Nf6 3. Bg2 c6 4. O-O Bf5 5. d3 h6 6. c4 e6 7. Be3 Be7 8. Qb3 b6
9. Nd4 Bg6 10. cxd5 cxd5 11. Qb5+ Qd7 12. Rc1 O-O 13. Qxd7 Nbxd7 14. Nc6 Bd6
15. Nc3 a6 16. Na4 b5 17. Nc5 Kh7 18. Nb7 Bc7 19. Ne7 Be5 20. d4 Bb8 21. a4
bxa4 22. Rc6 Bh5 23. Bf1 Ra7 24. Na5 Bc7 25. Rxa4 Nb8 26. Nb3 Nxc6 27. Nxc6 Rb7
28. Nc5 Rxb2 29. Nxa6 Ra8 0-1

[Event "Lichtenberger Sommer 2016"]
[Site "?"]
[Date "2016.08.14"]
[Round "2.26"]
[White "Thesing, Ansgar"]
[Black "Böhm, Jürgen"]
[Result "1/2-1/2"]
[WhiteElo "1987"]
[BlackElo "2168"]
[PlyCount "37"]
[EventDate "2016.??.??"]
[WhiteTeam "SC Kreuzberg"]
[BlackTeam "SF Brackel"]

1. e4 e6 2. d4 d5 3. Nc3 Bb4 4. e5 c5 5. a3 Bxc3+ 6. bxc3 Qa5 7. Bd2 Qa4 8. h4
Nc6 9. h5 h6 10. Nf3 Nge7 11. Rh4 c4 12. Rf4 Bd7 13. g4 Rf8 14. Bh3 O-O-O 15.
g5 hxg5 16. Nxg5 Nf5 17. Bxf5 exf5 18. Kf1 Be6 19. Rh4 1/2-1/2

[Event "Lichtenberger Sommer 2016"]
[Site "?"]
[Date "2016.08.14"]
[Round "2.27"]
[White "Gaerths, Ronny"]
[Black "Voigt, Ingo"]
[Result "1-0"]
[WhiteElo "2169"]
[BlackElo "1967"]
[PlyCount "115"]
[EventDate "2016.??.??"]
[WhiteTeam "SG TT/Wiheil (FV Schach)"]
[BlackTeam "BSV 63 Chemie Weißensee"]

1. d4 Nf6 2. Bg5 Ne4 3. Bf4 c5 4. f3 Qa5+ 5. c3 Nf6 6. d5 d6 7. e4 Qb6 8. Qd2
e5 9. Be3 Qc7 10. a4 Be7 11. Na3 a6 12. Nc4 b6 13. a5 b5 14. Nb6 Ra7 15. Nxc8
Qxc8 16. Nh3 O-O 17. Be2 Ne8 18. O-O f5 19. exf5 Qxf5 20. f4 Nf6 21. fxe5 Qxe5
22. Bf3 Ne4 23. Qd3 Ng5 24. Bxg5 Bxg5 25. Rae1 c4 26. Rxe5 cxd3 27. Rxg5 Re7
28. Rg4 Nd7 29. Rd4 Ne5 30. Ng5 Rf6 31. Ne6 Ref7 32. Rd1 h6 33. R4xd3 Nxd3 34.
Rxd3 g5 35. h3 Rb7 36. Rd4 Rf5 37. h4 Re7 38. hxg5 hxg5 39. Kf2 Kf7 40. Ke3 Kf6
41. b4 Re5+ 42. Kf2 Rh7 43. Rd1 Rh4 44. Rd4 Rh1 45. Nc7 Rc1 46. Rd3 Rf5 47. Kg3
Rf4 48. Re3 Rc4 49. Ne8+ Kg6 50. Re6+ Kh7 51. Nxd6 R4xc3 52. Ne4 Rb3 53. Rxa6
Rd1 54. Kg4 Rxd5 55. Kh5 Rxb4 56. Ra7+ Kg8 57. Kh6 Kf8 58. Nf6 1-0

[Event "Lichtenberger Sommer 2016"]
[Site "?"]
[Date "2016.08.14"]
[Round "2.28"]
[White "Kuran, Wilfried"]
[Black "Krefenstein, Sergej"]
[Result "0-1"]
[WhiteElo "1885"]
[BlackElo "2187"]
[PlyCount "104"]
[EventDate "2016.??.??"]
[WhiteTeam "Spielgemeinschaft Sauwald"]
[BlackTeam "TuS Makkabi Berlin"]

1. e4 g6 2. Nf3 Bg7 3. d4 d6 4. Nc3 Nd7 5. Be3 b6 6. Qd2 Bb7 7. Bd3 e6 8. Ne2
Ngf6 9. Ng3 d5 10. e5 Ng8 11. O-O h6 12. Qe2 Ne7 13. Nd2 Rc8 14. f4 h5 15. Qd1
h4 16. Ne2 Nf5 17. Bf2 Qe7 18. Nf3 Nb8 19. Qd2 Ba6 20. Nc1 Bf8 21. Qe2 Bxd3 22.
Nxd3 Qd7 23. c3 Be7 24. Rfd1 Kf8 25. Rac1 Kg7 26. Qd2 Na6 27. Nde1 c5 28. Nc2
h3 29. g3 cxd4 30. Ncxd4 Nc5 31. Nxf5+ gxf5 32. Bxc5 bxc5 33. Qe2 Rb8 34. Rc2
Rb6 35. Kf2 Kf8 36. Ke1 a5 37. Nd2 Qb7 38. Nf1 c4 39. Rdd2 a4 40. Kd1 a3 41.
Kc1 Bc5 42. Ne3 Ke7 43. Kb1 Rb8 44. Nd1 Qa7 45. g4 Ra8 46. gxf5 axb2 47. f6+
Ke8 48. Rxb2 Qxa2+ 49. Kc2 Qa4+ 50. Kb1 Qa1+ 51. Kc2 Rxb2+ 52. Nxb2 Ra2 0-1